| 000 | 00473nam a2200181Ia 4500 | ||
|---|---|---|---|
| 005 | 20250423094833.0 | ||
| 008 | 250422s9999 xx 000 0 und d | ||
| 020 | _a9780070532366 | ||
| 050 | _aQA 76.9.A73 .G68/ | ||
| 100 | _aGovindarajalu, B. | ||
| 245 | 0 | _aComputer architecture and organization : design principles and applications | |
| 260 | _aNew Delhi | ||
| 260 | _bTata McGraw-Hill | ||
| 260 | _c2004 | ||
| 300 | _a698 p | ||
| 650 | _aComputer | ||
| 942 | _cBK | ||
| 999 |
_c28445 _d28445 |
||